00462nam a2200181 a 4500001001300000003000900013005001700022008004100039020000900080082001700089100002800106245001700134260004100151300000900192500003500201650001600236700002800252nice12345678IN_TiNIC20260116013600.0070501s1993 hyda grp 000 0 urd  ac4000a340.59bABD6 aAbdus Sattar, Syed Mohd aAaq-O-talaaq aHyderabad bHusami Book Depot c1993 a120p aincludes index and biblioraphy aIslamic-Law1 aAbdus Sattar, Syed Mohd